Normal view
MARC view
- Segal, Erich
Entry Personal Name
001 - CONTROL NUMBER
- control field: 107633
003 - CONTROL NUMBER IDENTIFIER
- control field: NUST
005 - DATE AND TIME OF LATEST TRANSACTION
- control field: 20230125125240.0
008 - FIXED-LENGTH DATA ELEMENTS
- fixed length control field: 230125|| aca||aabn | a|a d
040 ## - CATALOGING SOURCE
- Original cataloging agency: NUST
- Transcribing agency: NUST
100 ## - HEADING--PERSONAL NAME
- Personal name: Segal, Erich
670 ## - SOURCE DATA FOUND
- Source citation: Work cat.: (NUST)186114: Segal, Erich, Man Woman And Child :, 1980
